000 00514nam a2200181Ia 4500
005 20250326130841.0
008 250326s9999 xx 000 0 und d
037 _aTextbook
040 _aFMSL
_beng
_cFMSL
041 _aeng
_2eng
084 _aX:513 Q6
_qFMSL
100 _aRiley F
_9741565
245 0 _aRoutledge companion to contemporary brand management
_cRiley F; Singh Jaywant
260 _aNY
_bNY, Routeldge
_c2016
300 _a583p
942 _cTB
_hX:513 Q6
999 _c1284379
_d1284379